Effectif du PSG lors de la saison 2019-2020 - Statistics

General Stats
  • This quiz has been taken 83 times
  • The average score is 15 of 25
Answer Stats
Hint Answer % Correct
Défenseur Marquinhos
97%
Attaquant Kylian Mbappé
95%
Attaquant Neymar
95%
Gardien Keylor Navas
90%
Défenseur Thiago Silva
82%
Attaquant Ángel Di María
80%
Milieux Marco Verratti
80%
Défenseur Presnel Kimpembe
80%
Attaquant Edinson Cavani
65%
Gardien Sergio Rico
63%
Défenseur Juan Bernat
62%
Milieux Idrissa Gueye
53%
Milieux Leandro Paredes
53%
Attaquant Mauro Icardi
53%
Défenseur Thilo Kehrer
48%
Milieux Julian Draxler
47%
Milieux Ander Herrera
45%
Attaquant Eric Maxim Choupo-Moting
43%
Défenseur Layvin Kurzawa
42%
Défenseur Colin Dagba
40%
Défenseur Mitchel Bakker
35%
Milieux Pablo Sarabia
35%
Défenseur Abdou Diallo
33%
Gardien Marcin Bułka
25%
Attaquant Arnaud Kalimuendo
8%
No matching quizzes found
Score Distribution
Percent of People with Each Score
Percentile by Number Answered
Your Score History
You have not taken this quiz